Autobahnen in Berlin - Statistiken

Allgemein
  • Dieses Quiz wurde 392 mal gespielt
  • Das Durchschnittsergebnis liegt bei 6 aus 8
Antwortstatistiken
Länge Autobahn % Korrekt
5,3 km A10
99%
20,1 km A100
82%
11 km A115
76%
9,6 km A113
75%
13,4 km A111
74%
6,9 km A114
70%
1,7 km A117
66%
3,5 km A103
44%
Keine übereinstimmenden Quizze gefunden
Verteilung der Resultate
Anzahl Personen mit jedem Resultat
Perzentil nach korrekt beantworteten Fragen
Ihre Resultats-Entwicklung
Sie haben dieses Quiz noch nicht gespielt